000 00832nmc a2200301 a 4500
003 AR-Y00000XR
005 20251128212008.0
008 077020s2007 ||||||||||||||000 | spa||
020 _a978-950-03-7832-1
040 _cAR-Y00000XR
100 1 _aCarroll, Lewis
245 1 0 _aAlicia en el país de las maravillas
250 _a1ª ed.
260 _aBuenos Aires
_bLosada
_c2007
300 0 _a168 p.
_bil.
490 0 _aLa pajarita de papel
500 0 _aLibros distribuidos por el MECYT en el marco del PROMSE 2007
650 4 _aLITERATURA INGLESA
650 4 _aNOVELAS
650 4 _aSIGLO DIECINUEVE
653 0 _aLITERATURA FANTASTICA
653 0 _aLITERATURA JUVENIL
653 0 _aNOVELA DE PERSONAJE
655 _aLITERATURA
700 1 _aPasini, Delia
_etraductor
942 _cBK
998 _cme-solo cat
999 _c21971
_d21971